Skúsenosti, výhody a bariéry subjektov hospodárskej praxe v rámci spolupráce s vysokými školami

Niektoré aspekty spolupráce vysokej školy a praxe tak, ako ju vnímajú práve subjekty hospodárskej praxe.

Saved in:
Bibliographic Details
Main Author: Drábik, Henrich
Format: Book Chapter
Language:Slovak
Subjects:
Tags: Add Tag
No Tags, Be the first to tag this record!

MARC

LEADER 00000nla a2200000 4500
001 0240509
005 20260217101437.0
041 0 |a slo 
044 |a SK 
245 1 0 |a Skúsenosti, výhody a bariéry subjektov hospodárskej praxe v rámci spolupráce s vysokými školami  |c Henrich Drábik 
520 |a Niektoré aspekty spolupráce vysokej školy a praxe tak, ako ju vnímajú práve subjekty hospodárskej praxe. 
610 2 0 |a školy vysoké 
610 2 0 |a univerzity 
610 2 0 |a teória a prax 
610 2 0 |a spolupráca podnikov 
610 2 0 |a politika vzdelávania 
100 1 |a Drábik, Henrich